Бухгалтерський облік (Запис № 323451)

МАРК-запис
000 -Лідер
fixed length control field 00811nam a22002657a 4500
003 - Ідентифікатор контрольного номера
control field UA-OsUOA
001 - Контрольний номер
control field 37259
007 - Фіксоване поле фізичного опису
fixed length control field ta
008 - Елементи даних фіксованої довжини – загальна інформація
fixed length control field 20060301b un ||||| |||| 00| 0 ukr d
090 ## - Локальний шифр розміщення
Класифікаційний індекс УДК 657(075.8)
Авторський знак (НП) Б94
040 ## - Джерело каталогізації
Агенція оригінальної каталогізації UA-OsUOA
Мова каталогізації ukr
Агенція, яка здійснювала перезапис UA-OsUOA
Агенція, яка здійснювала модифікацію UA-OsUOA
041 ## - Код мови
Код мови тексту/ звукової доріжки чи окремого заголовка (П) ukr
080 ## - Індекс Універсальної десяткової класифікації
Індекс Універсальної десяткової класифікації (УДК) (НП) 657(075.8)
100 ## - Основне введення – ім’я особи
Ім’я особи (НП) Кужельний М. В.
245 ## - Відомості про назву
Назва (НП) Бухгалтерський облік
Решта назви (НП) Навчально-методичний посібник
260 ## - Публікація, розповсюдження і т.п. (Вихідні дані)
Місце публікації, розповсюдження і т.п. (П) К.
Ім’я/ наймення видавництва, розповсюджувача і т.п. (П) КНЕУ
Дата публікації, розповсюдження і т.п. (П) 2005
300 ## - Фізичний опис
Обсяг 215 с.
650 #7 - Додаткове предметне введення – тематичний термін
Тематичний термін чи географічна назва, як елемент введення (НП) 657 Бухгалтерія. Бухгалтерський облік. Рахівництво
Джерело заголовка чи терміна UDC
700 ## - Додаткове введення – ім'я особи
Ім’я особи (НП) Коцупатрий М. М.
700 ## - Додаткове введення – ім'я особи
Ім’я особи (НП) Кірданов М. Г.
700 ## - Додаткове введення – ім'я особи
Ім’я особи (НП) Лежненко Л. І.
942 ## - Додаткові елементи входу (Коха)
Тип елемента Koha Книги
955 ## - Код типу видання за змістом
Код типу видання за змістом (НП) Навчальні видання
Фонди
Стан вилучень Стан втрат Джерело класифікації або схеми стелажів Стан уражень Не для кредиту Постійне місце розташування Поточне розміщення Дата придбання Джерело придбання Вартість, звичайна ціна покупки Інвентарний номер Усього замовленно Повний номер виклику Штрих-код Дата останнього перегляду Ціна ефективна від Тип елемента Koha
    Universal Decimal Classification     ЧЗ - Читальна зала ЧЗ - Читальна зала 01/03/2006 16/2006 19.00 95171   657(075.8) Б94 95171 06/02/2022 01/03/2006 Книги
    Universal Decimal Classification     ЧЗ - Читальна зала ЧЗ - Читальна зала 01/03/2006 16/2006 19.00 95172   657(075.8) Б94 95172 08/02/2022 01/03/2006 Книги
    Universal Decimal Classification     ЧЗ - Читальна зала ЧЗ - Читальна зала 01/03/2006 16/2006 19.00 95173   657(075.8) Б94 95173 08/02/2022 01/03/2006 Книги
    Universal Decimal Classification     ЧЗ - Читальна зала ЧЗ - Читальна зала 01/03/2006 16/2006 19.00 95174   657(075.8) Б94 95174 06/02/2022 01/03/2006 Книги
    Universal Decimal Classification     ЧЗ - Читальна зала ЧЗ - Читальна зала 01/03/2006 16/2006 19.00 95175   657(075.8) Б94 95175 06/02/2022 01/03/2006 Книги